000
00360nam a2200133Ia 4500
008
100328s9999 xx 000 0 und d
082
_b
60280
100
_a
पुरोहित प्रभा
245
_a
मोठं घर.
260
_b
गं्रथाली.
630
_a
मोठं घर.
730
_a
मोठं घर.
942
_c
BOOK
999
_c
546442
_d
546439